Shear's Cysts of the Oral and Maxillofacial Regions (Record no. 26801)
[ view plain ]
| 000 -LEADER | |
|---|---|
| fixed length control field | 00373nam a22001577a 4500 |
| 003 - CONTROL NUMBER IDENTIFIER | |
| control field | SGT |
| 020 ## - INTERNATIONAL STANDARD BOOK NUMBER | |
| International Standard Book Number | 9781119354994 |
| 082 ## - DEWEY DECIMAL CLASSIFICATION NUMBER | |
| Classification number | 616.0707 |
| Item number | S22S |
| 100 ## - MAIN ENTRY--PERSONAL NAME | |
| Personal name | Speight, Paul M. |
| 245 ## - TITLE STATEMENT | |
| Title | Shear's Cysts of the Oral and Maxillofacial Regions |
| 260 ## - PUBLICATION, DISTRIBUTION, ETC. (IMPRINT) | |
| Name of publisher, distributor, etc | Wiley Blackwell |
| Year of Publication | 2022 |
| 300 ## - PAGE DESCRIPTION | |
| No. of Pages | 367 |
| 650 ## - SUBJECT ADDED ENTRY--TOPICAL TERM | |
| Topical term or geographic name as entry element | Oral Pathology |
| 653 ## - KEYWORDS--INDEX TERM | |
| Keyword term | Cysts |
| 942 ## - ADDED ENTRY ELEMENTS (KOHA) | |
| Source of classification or shelving scheme | Dewey Decimal Classification |
| Koha item type | Books |
| 942 ## - ADDED ENTRY ELEMENTS (KOHA) | |
| -- | 1 |
| Withdrawn status | Lost status | Source of classification or shelving scheme | Damaged status | Not for loan | Home library | Current library | Shelving location | Date acquired | Vendor Name | Cost, normal purchase price | SGTU | Bill Number | Total Checkouts | Full call number | Accession No. (Barcode) | Date last seen | Date last borrowed | Bill Date | Koha item type | Use restrictions |
|---|---|---|---|---|---|---|---|---|---|---|---|---|---|---|---|---|---|---|---|---|
| Dewey Decimal Classification | SGT Dental Library | SGT Dental Library | Reference Book | 22/08/2024 | Ahuja Book Co. Pvt. Ltd. | 16473.00 | SGTU | 19153 | 3 | 616.0707 S22S | FD9411 | 19/05/2025 | 15/05/2025 | Books | ||||||
| Dewey Decimal Classification | Not For Loan | SGT Dental Library | SGT Dental Library | Reference Book | 22/08/2024 | Ahuja Book Co. Pvt. Ltd. | 16473.00 | SGTU | 19173 | 616.0707 S22S | FD9412 | 22/08/2024 | Books | Restricted Access |